| 000 | 00000nam 2200000za 4500 |
| 001 | 9.806068 |
| 003 | CaOODSP |
| 005 | 20221107135815 |
| 007 | cr ||||||||||| |
| 008 | 160526s2015 quc o f000 0 eng d |
| 020 | |a9780660038254 |
| 040 | |aCaOODSP|beng |
| 043 | |an-cn--- |
| 086 | 1 |aEm4-6/2015E-PDF |
| 245 | 00|aCongratulations on the birth of your child! |h[electronic resource] : |bget money now for your child's education. |
| 246 | 30|aGet money now for your child’s education |
| 260 | |a[Gatineau, QC] : |bEmployment and Social Development Canada, |cc2015. |
| 300 | |a[1] p. |
| 500 | |aIssued also in French under title: Félicitations à l’occasion de la naissance de votre enfant! Obtenez de l’argent dès maintenant pour les études de votre enfant. |
| 500 | |aCaption title. |
| 693 | 4|aEducation savings accounts |
| 710 | 1 |aCanada. |bEmployment and Social Development Canada. |
| 775 | 08|tFélicitations à l'occasion de la naissance de votre enfant! |w(CaOODSP)9.806069 |
| 794 | |tCongratulations on the birth of your child! |w(CaOODSP)9.855770 |
| 856 | 40|qPDF|s129 KB|uhttps://publications.gc.ca/collections/collection_2016/edsc-esdc/Em4-6-2015-eng.pdf |
| 986 | |aLC-135-11-15E |